Normal view
MARC view
Entry Topical Term
001 - CONTROL NUMBER
- control field: 26176
003 - CONTROL NUMBER IDENTIFIER
- control field:
005 - DATE AND TIME OF LATEST TRANSACTION
- control field: 20260127071939.0
008 - FIXED-LENGTH DATA ELEMENTS
- fixed length control field: 260127|| aca||aabn | a|a d
040 ## - CATALOGING SOURCE
- Original cataloging agency:
- Transcribing agency:
150 ## - HEADING--TOPICAL TERM
- Topical term or geographic name as entry element: African American politicians
670 ## - SOURCE DATA FOUND
- Source citation: Work cat.: ()13442: Obama, Barack, author. 26172, A promised land /, 2020